000 00355nam a2200121Ia 4500
003 GCL
008 140319s9999 xx 000 0 ara d
040 _aGCL /
_cGCL
082 0 4 _aم
_b953
_bح ت
245 1 0 _aتاريخ التمدن الاسلامى
260 _a[S.N] :
_bدار الكتب المصرية
490 _aشكاوى المصرى الفصيح
_v0
999 _c59378
_d59378